|
|
|
|
| LEADER |
00000csc a2200000 a 4500 |
| 001 |
4756 |
| 003 |
Ucuenca |
| 005 |
20230308205944.0 |
| 008 |
000000| ||||||||r|||||||||||spa|| |
| 040 |
|
|
|b spa
|
| 041 |
1 |
|
|a spa
|
| 082 |
0 |
|
|a 932
|
| 245 |
|
|
|a La Dictadura de O'Higgins
|c M. L. Amunátegui y B. Vicuña Mackenna
|h imp
|
| 264 |
|
|
|a Madrid
|b Editorial América
|c s.f.
|
| 300 |
|
|
|a 400 páginas:
|c 21.5 cm
|
| 490 |
|
|
|a Biblioteca Ayacucho
|
| 504 |
|
|
|a incl. ref.
|
| 650 |
|
|
|a O´Higgins bernardo
|9 11039
|
| 700 |
1 |
|
|a Amunátegui, Miguel Luis.
|9 10493
|
| 700 |
1 |
|
|a Vicuña Mackenna, B.
|9 9389
|
| 852 |
|
|
|a UC-CDJBV
|f Compra
|l 1
|m Limitada
|p 00000000
|q 8,00
|t 4756
|b 1
|d CDRC
|e CDRC
|g 932.2 ESTANTERIA CERRADA
|z 0000-00-00
|
| 942 |
|
|
|c CR
|
| 999 |
|
|
|c 113479
|d 113479
|